| 000 | 01641nam a22003137a 4500 | ||
|---|---|---|---|
| 005 | 20100710144112.0 | ||
| 008 | 100710t xxu||||| |||| 00| 0 eng d | ||
| 010 | _aENG-96384 B-422902-904 | ||
| 020 |
_a9788120341258 _c375.00 |
||
| 035 | _aEN-79917 B-422902-904 | ||
| 037 | _bDBAD / PUB | ||
| 037 | _bK.K.Pub/Ven | ||
| 040 |
_aDPL _bEnglish |
||
| 082 | _a620.1 | ||
| 100 |
_aSawhney, G.S. _928357 |
||
| 245 |
_aEngineering mechanics / _cby G.S. Sawhney |
||
| 250 | _a2nd ed | ||
| 260 |
_aNew Delhi _bPHI Learning _c2010 |
||
| 270 |
_aM-97, Connaught Circus _bNew Delhi _e110001 |
||
| 300 |
_aix, 619 p. _c23 cm (pbk) |
||
| 500 | _aIncludes bibliographical references and index. | ||
| 650 |
_aMechanics, Applied. _928358 |
||
| 942 |
_2ddc _cEN _mSAW _h620.1 |
||
| 999 |
_c36886 _d36886 |
||